000 00725nmm a2200241Ia 4500
008 251105s9999||||xx |||||||||||||||||und||
020 _a9788481690231
041 _aspa
100 _aBerder , Michel
245 0 _aRelecturas de los Hechos de los Apóstoles :
_b Cuaderno Bíblico 128
264 _a[Madrid, España] :
_bEditorial Verbo Divino,
_c2006
300 _a64 páginas
490 _aCuadernos bíblicos
650 _aReligion(s)
700 _aBerder , Michel
700 1 _a Billon , Gérard
700 1 _a Blanchard , Yves-Marie
700 1 _a Flichy , Odile
700 1 _a Léonard , Philippe
700 1 _a Tassin , Claude
856 _uhttps://public.digitaliapublishing.com/a/20670
942 _cCF
999 _c62760
_d62760